| 000 | 00563nam a2200169 a 4500 | ||
|---|---|---|---|
| 001 | 000016829 | ||
| 005 | 20200929164952.0 | ||
| 008 | 100310s1947 dr c 000 0 spa d | ||
| 040 |
_aDO-SdBNP _bspa _cBNPHU |
||
| 082 |
_axxx _bF738h |
||
| 100 | 1 |
_aForteza, Fernando _937268 |
|
| 245 | 1 | 0 |
_aHojas en el camino : _bla patria desde el aula / _cFernando Forteza ; prólogo Fabio A. Mota. |
| 260 |
_aCiudad Trujillo, República Dominicana : _b[Roques Roman], _c1947. |
||
| 300 |
_a139 p. : _bretrs. ; _c24 cm. |
||
| 700 | 1 |
_aMota, Fabio A. _epról. _923572 |
|
| 049 | _aBNPD | ||
| 999 |
_c16361 _d16361 |
||